000
00296 a2200121 4500
005
20250701101323.0
020
_a
1-55822-191-3
082
_a
443 COX
245
_a
Apics Dictionary,
260
_a
New York,
_b
Apics Dictionary,
_c
2002.
300
_a
viii; 132p: ill; Picture,
_c
27cm.
942
_2
ddc
_c
BKS
999
_c
6504
_d
6504